| 000 | 00811nam a2200241 i 4500 | ||
|---|---|---|---|
| 001 | 13713 | ||
| 003 | ES-MaACL | ||
| 005 | 20230906150640.0 | ||
| 007 | t| | ||
| 008 | 980609s1989 xxk ||||1| eng d | ||
| 020 | _a0-674-47456-2 | ||
| 080 | _a296.4 | ||
| 100 | 1 |
_aHorowitz, Carmi. _964239 |
|
| 245 | 1 | 4 |
_aThe jewish sermon in 14 th century Spain _b: the derashot of R. Joshua Ibn Shu'Eib / _cby Carmi Horowitz. |
| 260 |
_aCambridge [etc.] : _bHarvard University Press, _c1989. |
||
| 300 |
_aIX, 206 p. ; _c23 cm. |
||
| 490 | 1 |
_aHarvard judaic monographs ; _v6 |
|
| 600 | 1 | 4 |
_aIbn Shu'eib, Joshua. _965018 |
| 650 | 4 |
_aSermones judíos- _zEspaña- _vHistoria y crítica. _917054 |
|
| 830 | 0 |
_aHarvard judaic monographs ; _v6 _9228448 |
|
| 852 |
_aES-MaACL _jL-21062 _bR.118567 |
||
| 999 |
_c13713 _d13713 |
||